000 00819nam0a22002531 4500
001 rc\1086642
005 20250622141947.0
035 _a(NLR Aleph) 006334064
090 _a7575449
_c7575449
100 _a20041126d1983 |||y0rusy50 ca
101 0 _arus
102 _aRU
105 _aa |||||||||
200 1 _aГидравлические затворы напорных трубопроводов
210 _aМ.
_cМашиностроение
_d1983
215 _a199 с.
_cил.
_d21
320 _aБиблиогр.: с. 198 (5 назв.)
700 1 _aКоновалов
_bН.Н.
_gНиколай Николаевич
701 1 _aГельфенбаум
_bД.М.
_gДавид Моисеевич
801 0 _aRU
_bNLR
_gpsbo
801 1 _aRU
_bELAR
_2rusmarc
852 _aNLR
_j83-5/3744
942 _cBOOK
980 _aNB